Statystyki dla Postacie animowane po opisie

Kliknij tutaj aby rozwiązać quiz!

Ogólne statystyki

  • Ten quiz został rozwiązany 45 razy
  • Średni wynik to 17 z 43

Statystyki odpowiedzi

OpisOdpowiedzi% Poprawnych
po śmierci swojego ojca został królem zwierząt.simba
83%
Zielony wielki stwór, nie zna strachu jedynie wzbudza go w innych, ale przy bliższym poznaniu okazuje się wspaniałym przyjacielemshrek
77%
niebieskie małe ludki, które uciekają przed czarodziejemsmerfy
77%
człowiek wychowany przez małpe w dżunglitarzan
74%
Wszystko zmienia w żart, ma słomiany zapał i słabą kondycje.
Bardzo dużo je. Został mistrzem w kung-fu
po
71%
ciągle coś budują i doprowadzają swoją siostre do szaleństwafineasz i ferb
66%
Jego inteligencja jest bardzo niska, daje sobą pomiatać i jedyne czego w życiu potrzebuje to stopy swojego królamort
66%
Jej długie włosy potrafią odmładzaćRoszpunka
66%
jedyne co by robił to się ścigał, ma ładny napis 95zygzak mcqueen
66%
śmiech to jego drugie imię, bez przerwy denerwuje swojego sąsiada swoim zachowaniem. mieszka ze swoim ślimakiemspongebob
63%
Dostał przez przypadek zegarek, który pozwala przemieniać go w potwory i walczyć ze złemben 10
60%
Rude futro, buty, miecz i podpisujący się jak zorrokot w butach
60%
Jest królową mogąca przemieniać wszystko w lódElsa
57%
jest niezrównoważony psychicznie, ma problem z mówieniem, potrafi wyrzygać wszystko co jego zespół potrzebujerico
57%
Bardzo silne, wielkie zwierzę, uważa że nie jest gruby tylko ma grube kości, przyjaźni się z tygrysem i leniwcem.maniek
54%
pieniądze, pieniądze i jeszcze raz pieniądze. Jest szefem knajpy "pod tłustym krabem"pan krab
54%
robot, który sprząta śmieci na Ziemi, by ją ocalićwall-e
51%
Próbuję bezskutecznie poderwać kobiety na swoje mięśniejohnny bravo
49%
marynarz, który po zjedzeniu szpinaku ma nadludzką siłępopeye
46%
Jest odrzucany przez społeczeństwo, jego pracą jest demolowanie, zaprzyjaźnia się z małą dziewczynkąralph demolka
46%
niebieski kot. Jego adoptowany brat jest rybą, chodzi do szkoły i codziennie przeżywa różne przygody.gumball
40%
Jest łysy ze strzałką na głowie, potrafi władać czterema żywiołamiaang
37%
Bardzo inteligenty dzieciak budujący maszyny w swojej piwnicy w tajemnicy przed rodzicamiDexter
37%
Niby tchórzliwy, ale tak naprawdę jest bardzo dzielny i zawsze ratuje swoją paniąchojrak
34%
Żyrafa ciągle myślącą, że jest na coś chora. Kocha się w gloriiMelman
34%
Pies aktor, który myśli że naprawdę ma nadprzyrodzone zdolnościpiorun
31%
Przerośnięty byk, który jest bardzo wrażliwy i nie chce nikogo skrzywdzićfernando
26%
Wraz ze swoją siostrą przyjeżdża na wakacje do swojego wujka, znajduje dziennik w którym są opisane dziwne zjawiska i potwory, przeżywa wiele przygódDipper
23%
Sam jest bardzo silny, żona jest bardzo elastyczna, jego dzieci też mają supermocepan iniemamocny
23%
jest prowadzącym reality show w którym uczestnicy narażają się śmierć, by zdobyć 100 tysięcy dolarów. Zawodnicy zostali podzieleni na wrzeszczące susły i zabójcze okonie.chris
20%
nosi czapke na głowie i nie chce jej ściągać, jest bardzo mądry w porównaniu do swoich przyjaciół. Jego marzeniem jest zjedzenie łamiszczękiedd
20%
magiczny żółty pies wraz ze swoim najlepszym przyjacielem przeżywają przygodyjake
20%
Bardzo stary żółw. Wymyślił kung-fu i był jego pierwszym mistrzemoogway
20%
Pulchny biały robot służący do ratowania życia. Jest bardzo nadopiekuńczyBaymax
17%
Meksykański chłopiec, kochający muzykę, w krainie umarłych szuka swojego prapradziadkamiguel
17%
Wielki niebieski potwór. Jego zadaniem jest straszyć tyle dzieci ile tylko się da, z jednym nawet się zaprzyjaźniłsulley
17%
Praktycznie całe jego ciało to metal, walczy ze złem, jego najlepszym przyjacielem jest bestiacyborg
14%
bardzo dobrze zna się na kradzieżach i oszustwie, zaprzyjaźnia się z królikiem razem prowadzą śledztwonick bajer
14%
bardzo utalentowany gracz czerwono-białych. Po jego ojcu posiada numer 10. Umie rozmawiać po brysłowiańsku. Jego popisowym zagranie jest strzał z przewrotkishaker
14%
dzieciak który chce zostać szefem kuchni, potrafi zjeść prawie wszystkochowder
11%
Po zabiciu niedźwiedzia sam nim się stajeKenai
11%
Z jego imienia śmieją się inni. Jest bardzo chudy i słaby w porównaniu z innymi. Ale za to jest bardzo waleczny.
czkawka
9%
pracują w parku, czego nie dotkną to psują, jedynie co robią to się lenią i grają w gry wideomordechaj i rigby
3%

Rozkład punktacji

Percentyl według liczby udzielonych odpowiedzi

Procent ludzi z każdym wynikiem

Twoja historia wyników

Nie rozwiązałeś tego quizu